| 000 | 01193nam a2200241Ia 4500 | ||
|---|---|---|---|
| 003 | Ost | ||
| 005 | 20260416102351.0 | ||
| 008 | 260416s9999||||xx |||||||||||||| ||und|| | ||
| 040 | _cfsecg | ||
| 041 | _aara | ||
| 082 | _a350.722 | ||
| 100 |
_aغريبي، أحمد _eمؤلف |
||
| 245 | 0 |
_aمحاضرات في التسيير المالي / _c أحمد غريبي |
|
| 260 |
_aالجزائر _bجامعة الجزائر3: كلية العلوم الإقتصادية، العلوم التجارية وعلوم التسيير _c2016 |
||
| 300 |
_a137 ورقة _bايضاحات _c30 سم |
||
| 504 | _aمراجع ص.135 | ||
| 520 | _aالانتقال من الميزانية المحاسبية إلى الميزانية المالية، مؤشرات التوازن المالي، التحليل بالنسبة المالية، تحليل الاستغلال، الجداول المالية | ||
| 653 | _aالاستغلال | ||
| 653 | _aالمحاسبة التحليلية | ||
| 653 | _aالميزانية | ||
| 710 |
_aجامعة الجزائر3: كلية العلوم الإقتصادية، العلوم التجارية وعلوم التسيير _eناشر علمي |
||
| 942 | _cHANDOUT | ||
| 999 |
_c40996 _d40996 |
||